00373nam a2200133Ia 4500020001500000082001600015100002100031245004600052260004800098300001200146504003400158650001900192650002800211 a8176498661 a327.1 VOL-I aVolgy, Thomas J. 0aInternational politics and state strength aNew DelhibViva Books Private Limitedc2005 aix, 171 aincludes index and references aWorld politics aInternational relations